LEADER 00907nam a2200253 i 4500 001 000000173163 003 CaOOAMICUS 005 20081107000000.0 008 081107s1978 it u000 u ita u 013 $a150615 040 $aSeMil$bita 100 1 $aOlivieri, Renato.$0(OLS)http://semarc/name/41473 245 13$aIl caso Kodra :$bgiallo d'amore a Milano /$cRenato Olivieri. 260 $aMilano :$bRusconi,$c1978. 300 $a215 p. ;$c21 cm. 490 0 $aPlaybook 500 $aFondo Card. Giovanni Colombo. 830 0$aPlaybook.$0(OLS)http://semarc/title/25077 850 $aSeMil 852 $aSeMil$W1$xVenegono$y1$m1O V 172$j124010$B124010$CSeMilBibl$Z2$F139602 $81 941 1 $a3 961 $aLascito: Colombo Card. Giovanni 996 $6245$aIl caso Kodra :$bgiallo d'amore a Milano$9(OLS)http://semarc/title/248006 996 $6260$aMilano :$bRusconi$9(OLS)http://semarc/publisher/30258 LEADER 00794nam a2200193 i 4500 001 000000231654 003 CaOOAMICUS 005 20140806000000.0 008 140806s1794 it u000 u fre u 013 $a210557 026 $a6.g. 1.6. 4.0. (4(3 (3) 1794 (F) 040 $aSeMil$bita 245 10$a3.1. 300 $a[4], 471, [1] p. 500 $aSegn. : pigreco2 A-Z8 Aa-Ff8 Gg4. 773 0 $aDupuis, Charles François <1742-1809>$tOrigine de tous les cultes ou religion universelle. Par Dupuis, citoyen francois. Premiere partie du tome 1. [-tome 7.].$dA Paris : Chez H. Agasse, [1794-1795], l'an III de la Republique.$g3$w()30279 850 $aSeMil 852 $aSeMil$W1$xVenegono$y1$m2X II 11 FA$j182000$B182000$CSeMilBibl$Z2$F192968 $8I 996 $6245$a3.1$9(OLS)http://semarc/title/102445